Statystyki dla Wszyscy zawodnicy którzy wbili średnią 2.000+ w Ekstralidze od 2007 r.

Kliknij tutaj aby rozwiązać quiz!

Ogólne statystyki

  • Ten quiz został rozwiązany 313 razy
  • Średni wynik to 33 z 50

Statystyki odpowiedzi

NARODOWOŚĆ:Zawodnik:% Poprawnych
PolskaBartosz Zmarzlik
98%
DaniaNicki Pedersen
93%
Wielka BrytaniaTai Woffinden
93%
RosjaArtem Laguta
92%
AustraliaJack Holder
91%
AustraliaChris Holder
89%
SzwecjaFredrik Lindgren
89%
AustraliaJason Doyle
89%
PolskaMaciej Janowski
89%
PolskaTomasz Gollob
89%
PolskaJanusz Kołodziej
88%
PolskaJarosław Hampel
88%
DaniaLeon Madsen
88%
RosjaGrigorij Laguta
86%
SłowacjaMartin Vaculik
86%
PolskaPiotr Pawlicki
86%
PolskaDominik Kubera
85%
USAGreg Hancock
85%
PolskaPatryk Dudek
85%
Wielka BrytaniaDaniel Bewley
82%
Wielka BrytaniaRobert Lambert
81%
DaniaMikkel Michelsen
80%
AustraliaMax Fricke
77%
DaniaAnders Thomsen
72%
SłoweniaMatej Zagar
71%
PolskaKrzysztof Kasprzak
69%
PolskaPiotr Protasiewicz
67%
PolskaKacper Woryna
65%
PolskaMaksym Drabik
64%
PolskaPaweł Przedpełski
64%
AustraliaDarcy Ward
63%
AustraliaJason Crump
63%
AustraliaLeigh Adams
57%
SzwecjaAndreas Jonsson
50%
PolskaGrzegorz Walasek
49%
DaniaNiels Kristian Iversen
49%
AustraliaRyan Sullivan
49%
DaniaKenneth Bjerre
48%
RosjaEmil Sayfutdinov
46%
PolskaAdrian Miedziński
45%
PolskaRune Holta
45%
Wielka BrytaniaLee Richardson
43%
PolskaWiesław Jaguś
36%
DaniaHans Andersen
31%
DaniaPeter Kildemand
31%
AustraliaTroy Batchelor
31%
PolskaTomasz Jędrzejak
28%
PolskaRafał Dobrucki
27%
PolskaDamian Baliński
23%
DaniaKenni Larsen
14%

Rozkład punktacji

Percentyl według liczby udzielonych odpowiedzi

Procent ludzi z każdym wynikiem

Twoja historia wyników

Nie rozwiązałeś tego quizu